书目信息 |
| 题名: |
陈式太极
|
|
| 作者: | 孙喜和 主编 | |
| 分册: | ||
| 出版信息: | 长春 吉林出版集团有限责任公司 2010.01 |
|
| 页数: | 122页 | |
| 开本: | 21cm | |
| 丛书名: | ||
| 单 册: | ||
| 中图分类: | G852.11 | |
| 科图分类: | ||
| 主题词: | 太极拳--基本知识 , 太极拳 | |
| 电子资源: | ||
| ISBN: | 978-7-5463-1474-7 | |
| 000 | 00731nam0 22002531 450 | |
| 001 | 004696266 | |
| 005 | 20111230105510.28 | |
| 010 | @a978-7-5463-1474-7@dCNY8.00 | |
| 100 | @a20100722d2010 em y0chiy50 ea | |
| 101 | 0 | @achi |
| 102 | @aCN@b220000 | |
| 105 | @aa z 000yy | |
| 200 | 1 | @a陈式太极@Achen shi tai ji@f孙喜和主编 |
| 210 | @a长春@c吉林出版集团有限责任公司@d2010.01 | |
| 215 | @a122页@c图@d21cm | |
| 300 | @a全民健身项目指导用书 | |
| 330 | @a本书内容包括概述、运动保健、基本技术、套路练习、基本规则等。 | |
| 606 | 0 | @a太极拳@x基本知识 |
| 606 | 0 | @a太极拳 |
| 610 | 0 | @a陈式太极拳 |
| 690 | @aG852.11@v4 | |
| 701 | 0 | @a孙喜和@Asun xi he@4主编 |
| 801 | 0 | @aCN@bTYGS@c20111230 |
| 905 | @aZUCC@dG852.11@eS960@f6 | |
| 陈式太极/孙喜和主编.-长春:吉林出版集团有限责任公司,2010.01 |
| 122页:图;21cm |
| 全民健身项目指导用书 |
| ISBN 978-7-5463-1474-7:CNY8.00 |
| 本书内容包括概述、运动保健、基本技术、套路练习、基本规则等。 |
| ● |
| 相关链接 |
|
|
|
正题名:陈式太极
索取号:G852.11/S960
 
预约/预借
| 序号 | 登录号 | 条形码 | 馆藏地/架位号 | 状态 | 备注 |
| 1 | 1191015 | 211910155 | 社科库409/409社科库 25排2列2层/ [索取号:G852.11/S960] | 在馆 | |
| 2 | 1191016 | 211910164 | 社科库409/409社科库 25排2列2层/ [索取号:G852.11/S960] | 在馆 | |
| 3 | 1191017 | 211910173 | 社科库409/409社科库 25排1列5层/ [索取号:G852.11/S960] | 在馆 | |
| 4 | 1192944 | 211929449 | 社科库409/409社科库 25排2列2层/ [索取号:G852.11/S960] | 在馆 | |
| 5 | 1192945 | 211929458 | 社科库409/409社科库 25排2列2层/ [索取号:G852.11/S960] | 在馆 | |
| 6 | 1192946 | 211929467 | 社科库409/409社科库 25排2列2层/ [索取号:G852.11/S960] | 在馆 |